Stand / (Record no. 1009155)
[ view plain ]
| 000 -LEADER | |
|---|---|
| fixed length control field | 00926nam a2200289 a 4500 |
| 001 - CONTROL NUMBER | |
| control field | vtls001559406 |
| 003 - CONTROL NUMBER IDENTIFIER | |
| control field | NLI |
| 005 - DATE AND TIME OF LATEST TRANSACTION | |
| control field | 20210627154539.0 |
| 008 - FIXED-LENGTH DATA ELEMENTS--GENERAL INFORMATION | |
| fixed length control field | 121213m1980uuuudcu n f000 0 eng |
| 039 #9 - LEVEL OF BIBLIOGRAPHIC CONTROL AND CODING DETAIL [OBSOLETE] | |
| -- | 201212131739 |
| -- | VLOAD |
| 040 ## - CATALOGING SOURCE | |
| Original cataloging agency | NLI |
| Language of cataloging | eng |
| Transcribing agency | Datasoft_FOD_7 |
| Description conventions | AACR2 |
| 041 0# - LANGUAGE CODE | |
| Language code of text/sound track or separate title | eng |
| 044 ## - COUNTRY OF PUBLISHING/PRODUCING ENTITY CODE | |
| MARC country code | dcu |
| 082 04 - DEWEY DECIMAL CLASSIFICATION NUMBER | |
| Classification number | 362.10973 |
| 245 00 - TITLE STATEMENT | |
| Title | Stand / |
| Statement of responsibility, etc. | United States, Department of Health and Human Services |
| 260 ## - PUBLICATION, DISTRIBUTION, ETC. | |
| Place of publication, distribution, etc. | Washington, D.C. : |
| Name of publisher, distributor, etc. | U.S. Government Printing Office, |
| Date of publication, distribution, etc. | 1980- |
| 300 ## - PHYSICAL DESCRIPTION | |
| Extent | -v. ; |
| Dimensions | 26 cm. |
| 500 ## - GENERAL NOTE | |
| General note | Library has Vol. 17 |
| 650 #0 - SUBJECT ADDED ENTRY--TOPICAL TERM | |
| Topical term or geographic name entry element | Health surveys |
| Geographic subdivision | United States |
| 9 (RLIN) | 730494 |
| 650 #0 - SUBJECT ADDED ENTRY--TOPICAL TERM | |
| Topical term or geographic name entry element | Medical care |
| General subdivision | Utilization |
| Geographic subdivision | United States |
| 9 (RLIN) | 730493 |
| 887 ## - NON-MARC INFORMATION FIELD | |
| Content of non-MARC field | |
| 901 ## - LOCAL DATA ELEMENT A, LDA (RLIN) | |
| a | AD 101115 |
| b | 29.09.2010 |
| 9 | v.17, no.1 |
| 902 ## - LOCAL DATA ELEMENT B, LDB (RLIN) | |
| a | U.S 362.10973 St 24 |
| 904 ## - LOCAL DATA ELEMENT D, LDD (RLIN) | |
| l | E 3849 |
| 949 ## - LOCAL PROCESSING INFORMATION (OCLC) | |
| -- | VIRTUAITEM |
| -- | 10002 |
| -- | 100 |
| 6 | FOD000101115ENG |
| 9 | v.17 no.1 |
| 942 ## - ADDED ENTRY ELEMENTS (KOHA) | |
| Koha issues (borrowed), all copies | 0 |
| -- | 0 |
| -- | 0 |
| -- | 0 |
| Institution code [OBSOLETE] | NLI |
| -- | NLI |
| -- | BKS |
| -- | - |
| Withdrawn status | Lost status | Damaged status | Not for loan | Collection code | Home library | Current library | Shelving location | Date acquired | Total Checkouts | Full call number | Barcode | Date last seen | Price effective from | Koha item type |
|---|---|---|---|---|---|---|---|---|---|---|---|---|---|---|
| National Library of India | National Library of India | U.S 362.10973 St 24 | FOD000101115ENG | 27/06/2021 | 27/06/2021 | Books |
